[Event "Champ FRA - Under 12"]
[Site "Europe Echecs"]
[Date "2020.07.08"]
[Round "4"]
[White "ClaverieGabrie"]
[Black "DruonThibault"]
[Result "0-1"]
[WhiteElo "1069"]
[BlackElo "1644"]
[PlyCount "64"]
[EventDate "2020.??.??"]

1. e4 c5 2. d4 cxd4 3. c3 Nf6 4. cxd4 Nxe4 5. Bc4 d5 6. Bb5+ Bd7 7. Bxd7+ Qxd7
8. Nc3 e6 9. Qe2 Nf6 10. Nf3 Nc6 11. Bg5 Be7 12. O-O h6 13. Bxf6 Bxf6 14. Rad1
O-O 15. Rfe1 Rac8 16. Ne5 Qd6 17. a3 Na5 18. b4 Rxc3 19. bxa5 Rxa3 20. Qd2 Bxe5
21. dxe5 Qa6 22. Qf4 Qxa5 23. Qg4 b5 24. Rb1 Rb8 25. Qe2 Qb6 26. Qb2 Ra4 27.
Re3 Rc4 28. Rb3 a6 29. h3 Rbc8 30. g4 Rc2 31. Qa3 Qxf2+ 32. Kh1 Qg2# {
ClaverieGabrie est échec et mat} 0-1

[Event "Champ FRA - Under 12"]
[Site "Europe Echecs"]
[Date "2020.07.08"]
[Round "4"]
[White "ValleeLouis"]
[Black "FamelDiane"]
[Result "1-0"]
[WhiteElo "1864"]
[BlackElo "1366"]
[PlyCount "115"]
[EventDate "2020.??.??"]

1. d4 d5 2. c4 e6 3. Nc3 c5 4. e3 Nc6 5. Nf3 Nf6 6. a3 Be7 7. dxc5 Bxc5 8. b4
Be7 9. cxd5 Nxd5 10. Nxd5 exd5 11. Bb2 O-O 12. Bd3 a5 13. b5 Na7 14. O-O Qb6
15. a4 Bg4 16. Qc2 h6 17. Nd4 Rac8 18. Qb3 Bf6 19. Qxd5 Rfd8 20. Qe4 Bh5 21.
Qh7+ Kf8 22. Ba3+ Ke8 23. Bf5 Rc5 24. Rac1 Rxf5 25. Nxf5 Rd5 26. Qg8+ Kd7 27.
Qc8+ Nxc8 28. e4 Rd2 29. Bc5 Qe6 30. f3 Bg5 31. Nxg7 Qf6 32. Nxh5 Qg6 33. Ng3
b6 34. Bf2 Qd6 35. Nf5 Qg6 36. Bg3 Bd8 37. Rc6 Qg5 38. Rxh6 Rd3 39. h4 Qd2 40.
h5 Qe2 41. Rc6 Rd2 42. Bf2 Rd1 43. Rxd1+ Qxd1+ 44. Kh2 Qxa4 45. h6 Qxb5 46. h7
Qe5+ 47. Bg3 Qh8 48. Rh6 Bg5 49. Rh5 Bc1 50. Nd4 Nd6 51. Be5 Bf4+ 52. Bxf4 Ne8
53. Be5 Ng7 54. Bxg7 Qxg7 55. h8=Q Qg6 56. Qb8 Qf6 57. Rd5+ Ke7 58. Qd8# {
FamelDiane est échec et mat} 1-0

[Event "Champ FRA - Under 12"]
[Site "Europe Echecs"]
[Date "2020.07.08"]
[Round "4"]
[White "DeladerriereAp"]
[Black "DaoAntoine"]
[Result "1-0"]
[WhiteElo "1702"]
[BlackElo "1330"]
[PlyCount "43"]
[EventDate "2020.??.??"]

1. e4 e5 2. Nf3 Nc6 3. d4 exd4 4. Nxd4 Nf6 5. Nxc6 dxc6 6. Qxd8+ Kxd8 7. Nc3
Bd6 8. Bg5 Ke7 9. O-O-O h6 10. Be3 Be6 11. f4 Bb4 12. Bd3 Bxc3 13. bxc3 Bxa2
14. c4 b5 15. Bc5+ Ke8 16. cxb5 cxb5 17. Bxb5+ Nd7 18. Bxd7+ Kd8 19. Bb5+ Kc8
20. Ba6+ Kb8 21. Rd4 c6 22. Bd6# {DaoAntoine est échec et mat} 1-0

[Event "Champ FRA - Under 12"]
[Site "Europe Echecs"]
[Date "2020.07.08"]
[Round "4"]
[White "DromardBenjami"]
[Black "TranKyLan"]
[Result "0-1"]
[WhiteElo "1250"]
[BlackElo "1467"]
[PlyCount "132"]
[EventDate "2020.??.??"]

1. e4 c5 2. Nf3 Nc6 3. d4 cxd4 4. Nxd4 Nf6 5. Nc3 g6 6. Be3 Bg7 7. Bc4 O-O 8.
f3 Qb6 9. Qd2 Nxe4 10. fxe4 Bxd4 11. Bxd4 Qxd4 12. Qxd4 Nxd4 13. O-O-O Nc6 14.
h4 a6 15. h5 d6 16. hxg6 hxg6 17. Rh2 Kg7 18. Rdh1 Bd7 19. Rh7+ Kg8 20. Rh8+
Kg7 21. R8h7+ Kf6 22. Rf1+ Kg5 23. Rhxf7 Rxf7 24. Rxf7 Rd8 25. Bd5 Ne5 26. Rxe7
Rh8 27. b3 Kf6 28. Rxd7 Nxd7 29. Bxb7 a5 30. Nd5+ Kf7 31. Ne3 Nc5 32. Bd5+ Ke7
33. Nc4 a4 34. b4 Nd7 35. Bc6 a3 36. Nxa3 Rh1+ 37. Kb2 Rh2 38. b5 Rxg2 39. e5
Rg4 40. exd6+ Kxd6 41. Kb3 Nb6 42. c4 Kc5 43. Be8 Rg3+ 44. Kb2 g5 45. Bf7 Na4+
46. Kc2 Rxa3 47. Bd5 g4 48. b6 Nxb6 49. Kb2 Rg3 50. a4 Nxa4+ 51. Kc2 Nb6 52.
Be6 Nxc4 53. Bxc4 Kxc4 54. Kd2 Rh3 55. Ke2 g3 56. Kf3 g2+ 57. Kxg2 Ra3 58. Kf2
Kd4 59. Ke2 Rb3 60. Kf2 Ke4 61. Kg2 Kf4 62. Kh2 Rg3 63. Kh1 Rg8 64. Kh2 Kf3 65.
Kh1 Kf2 66. Kh2 Rh8# {DromardBenjami est échec et mat} 0-1

[Event "Champ FRA - Under 12"]
[Site "Europe Echecs"]
[Date "2020.07.08"]
[Round "4"]
[White "MorlayeAlexand"]
[Black "HueberMaxime"]
[Result "1-0"]
[WhiteElo "1117"]
[BlackElo "1420"]
[PlyCount "101"]
[EventDate "2020.??.??"]

1. Nf3 Nf6 2. d4 g6 3. c4 Bg7 4. Nc3 O-O 5. e4 d6 6. Be2 Nbd7 7. Bf4 b6 8. O-O
Bb7 9. d5 Nc5 10. Bd3 Nxd3 11. Qxd3 Re8 12. Rac1 e5 13. dxe6 Rxe6 14. Bg5 h6
15. Bxf6 Bxf6 16. Nd5 Bxb2 17. Rc2 Bg7 18. h3 Bxd5 19. cxd5 Re7 20. Rfc1 Rc8
21. Qa6 Ra8 22. Rc6 Rxe4 23. Rxc7 Re7 24. Rc8 Rxc8 25. Rxc8 Qxc8 26. Qxc8+ Kh7
27. Qb8 Be5 28. Nxe5 dxe5 29. Qf8 Rd7 30. d6 f5 31. Qe8 Rg7 32. d7 Rg8 33. Qe7+
Kh8 34. Qf6+ Kh7 35. Qxe5 a5 36. Qc7 Rg7 37. Qc8 Rg8 38. Qxg8+ Kxg8 39. d8=Q+
Kf7 40. Qxb6 Ke7 41. Qxa5 Kd6 42. Qb6+ Kd5 43. a4 Kc4 44. a5 g5 45. a6 f4 46.
a7 h5 47. a8=Q g4 48. Qac6+ Kd3 49. Qb3+ Ke2 50. Qcc2+ Ke1 51. Qbb1# {
HueberMaxime est échec et mat} 1-0

[Event "Champ FRA - Under 12"]
[Site "Europe Echecs"]
[Date "2020.07.08"]
[Round "4"]
[White "RakotomamonjyL"]
[Black "CassamChenaiAn"]
[Result "0-1"]
[WhiteElo "1310"]
[BlackElo "1839"]
[PlyCount "30"]
[EventDate "2020.??.??"]

1. e4 c5 2. Nf3 e6 3. d4 cxd4 4. Nxd4 Nf6 5. Nc3 Nc6 6. Bg5 Bb4 7. Nxc6 bxc6 8.
e5 Bxc3+ 9. bxc3 Qa5 10. Qd4 Nd5 11. Bd2 Qb6 12. O-O-O c5 13. Qc4 Rb8 14. Qb3
Qc7 15. f4 Rxb3 {RakotomamonjyL a abandonné} 0-1

[Event "Champ FRA - Under 12"]
[Site "Europe Echecs"]
[Date "2020.07.08"]
[Round "4"]
[White "LeVenTelo"]
[Black "FlagielloFranc"]
[Result "1-0"]
[WhiteElo "1720"]
[BlackElo "1293"]
[PlyCount "87"]
[EventDate "2020.??.??"]

1. e4 e6 2. d4 d5 3. exd5 exd5 4. Nc3 Nf6 5. Nf3 Bd6 6. Bd3 c6 7. O-O Bg4 8. h3
Bh5 9. Re1+ Be7 10. Bg5 O-O 11. g4 Bg6 12. Ne2 Nbd7 13. Ng3 Bxd3 14. Qxd3 Re8
15. Re3 h6 16. Bf4 Bf8 17. Rxe8 Qxe8 18. Re1 Qc8 19. Nf5 Nb6 20. g5 Nh5 21. Be5
g6 22. Nxh6+ Bxh6 23. gxh6 Qxh3 24. h7+ Kxh7 25. Ng5+ Kh6 26. Nxh3 g5 27. Qe3
Rg8 28. Kh2 Nf4 29. Bxf4 gxf4 30. Qxf4+ Kh7 31. Ng5+ Kh8 32. Nxf7+ Kh7 33. Rg1
Rxg1 34. Kxg1 Nc4 35. Ng5+ Kg6 36. Nh3 Nxb2 37. Qg5+ Kf7 38. f4 Nd1 39. f5 Ne3
40. Qxe3 c5 41. Qe6+ Kf8 42. f6 b5 43. Qe7+ Kg8 44. Qg7# {FlagielloFranc est
échec et mat} 1-0

[Event "Champ FRA - Under 12"]
[Site "Europe Echecs"]
[Date "2020.07.08"]
[Round "4"]
[White "NoerdingerLeo"]
[Black "LeroySerge"]
[Result "0-1"]
[WhiteElo "1605"]
[BlackElo "1291"]
[PlyCount "176"]
[EventDate "2020.??.??"]

1. e4 e6 2. d4 d5 3. Nd2 Nf6 4. e5 Nfd7 5. f4 c5 6. c3 Nc6 7. Ndf3 Be7 8. a3
O-O 9. Bd3 Qb6 10. h4 h6 11. g4 f6 12. g5 f5 13. gxh6 gxh6 14. Ne2 Kh7 15. Kf2
cxd4 16. cxd4 Rg8 17. Rg1 Qd8 18. h5 Bh4+ 19. Ke3 Be7 20. Bd2 Nb6 21. Qc2 Bd7
22. Rxg8 Qxg8 23. Rg1 Qf7 24. Qd1 Rg8 25. b4 Rxg1 26. Qxg1 Qxh5 27. b5 Nd8 28.
Ba5 Nf7 29. Bxb6 axb6 30. a4 Nh8 31. Ng3 Qg4 32. Qf2 Ng6 33. Nh2 Qh4 34. Nhf1
Ba3 35. Nd2 Bc1 36. Nh1 Bxd2+ 37. Kxd2 Qxh1 38. Qg3 Qh4 39. Qf3 Qxf4+ 40. Qxf4
Nxf4 41. Bf1 Be8 42. Ke3 Ng6 43. Bh3 Nh8 44. Kf4 Bh5 45. Kg3 Ng6 46. Bf1 Bd1
47. Bd3 Bxa4 48. Kf3 Bd1+ 49. Kf2 Nf4 50. Bf1 Bb3 51. Ke3 Ng6 52. Bd3 f4+ 53.
Kf3 Bc4 54. Bb1 Bxb5 55. Kg4 Kg7 56. Kh5 Be8 57. Kg4 b5 58. Kf3 b4 59. Kg4 b3
60. Kf3 b5 61. Kg4 b4 62. Kf3 Kf7 63. Kg4 Ke7 64. Kf3 Kd7 65. Kg4 Kc7 66. Kf3
Kb6 67. Bd3 Ka5 68. Bb1 Ka4 69. Ke2 Ka3 70. Kd2 Kb2 71. Bd3 f3 72. Ke3 Kc1 73.
Kxf3 b2 74. Ke3 b1=Q 75. Bxb1 Kxb1 76. Kf3 Kc2 77. Kg4 b3 78. Kh5 b2 79. Kxh6
b1=Q 80. Kg7 Qb7+ 81. Kh6 Nxe5 82. dxe5 Ba4 83. Kg5 Qf7 84. Kg4 Kd3 85. Kg5 Ke4
86. Kg4 Qg6+ 87. Kh3 Kf3 88. Kh4 Qg4# {NoerdingerLeo est échec et mat} 0-1

[Event "Champ FRA - Under 12"]
[Site "Europe Echecs"]
[Date "2020.07.08"]
[Round "4"]
[White "GreisslerRapha"]
[Black "HiltonMarc"]
[Result "1-0"]
[WhiteElo "1285"]
[BlackElo "1546"]
[PlyCount "87"]
[EventDate "2020.??.??"]

1. e4 c5 2. Nc3 d6 3. g3 Nf6 4. Bg2 Bg4 5. f3 Bd7 6. f4 Bg4 7. Nf3 Nc6 8. d3 e6
9. h3 Bxf3 10. Bxf3 Nd4 11. Bg2 Be7 12. O-O O-O 13. Ne2 Rc8 14. c3 Nxe2+ 15.
Qxe2 e5 16. f5 Re8 17. g4 Bf8 18. g5 Nd7 19. h4 Nb6 20. f6 d5 21. Qf2 Rc7 22.
h5 dxe4 23. Bxe4 Qd7 24. Bf5 Qc6 25. g6 hxg6 26. hxg6 Qxf6 27. gxf7+ Rxf7 28.
Qh2 g6 29. Bh3 Qg7 30. Bg5 c4 31. Rxf7 Qxf7 32. Rf1 Qg7 33. Bf6 Qh7 34. dxc4
Nxc4 35. Qg2 Bc5+ 36. Kh2 Nd6 37. Qd5+ Nf7 38. Qxc5 e4 39. Qb5 Rf8 40. Be7 Rb8
41. Qc4 e3 42. Rxf7 e2 43. Rxh7+ Kxh7 44. Qxe2 {HiltonMarc a abandonné} 1-0

[Event "Champ FRA - Under 12"]
[Site "Europe Echecs"]
[Date "2020.07.08"]
[Round "4"]
[White "ArousstamianAl"]
[Black "RobinLucien"]
[Result "1-0"]
[WhiteElo "1510"]
[BlackElo "1265"]
[PlyCount "85"]
[EventDate "2020.??.??"]

1. d4 c6 2. Bf4 d5 3. e3 Nf6 4. Nf3 Bg4 5. Be2 e6 6. h3 Bh5 7. g4 Bg6 8. Ne5
Nbd7 9. Nd2 Nxe5 10. dxe5 Nd7 11. Nf3 Qb6 12. Qc1 Bc5 13. c3 a5 14. Nd4 O-O 15.
h4 h6 16. h5 Bh7 17. g5 hxg5 18. Bxg5 Nxe5 19. h6 g6 20. Bf6 Bxd4 21. exd4 Nd7
22. Bg7 Rfe8 23. Qd2 e5 24. dxe5 Nxe5 25. O-O-O Nc4 26. Bxc4 dxc4 27. Qg5 Re2
28. Rd2 Rxd2 29. Qxd2 a4 30. f4 a3 31. f5 axb2+ 32. Qxb2 Qe3+ 33. Qd2 Qxd2+ 34.
Kxd2 Rxa2+ 35. Ke3 gxf5 36. Rg1 Bg6 37. Rd1 Ra8 38. Kf4 Re8 39. Kg5 Kh7 40. Rd7
Re3 41. Rd8 Rg3+ 42. Kf6 Bh5 43. Rh8# {RobinLucien est échec et mat} 1-0

[Event "Champ FRA - Under 12"]
[Site "Europe Echecs"]
[Date "2020.07.08"]
[Round "4"]
[White "IlinArtem"]
[Black "MenceEline"]
[Result "1-0"]
[WhiteElo "1504"]
[BlackElo "1264"]
[PlyCount "75"]
[EventDate "2020.??.??"]

1. e4 d5 2. exd5 Qxd5 3. Nc3 Qd6 4. d4 Nf6 5. Nf3 c6 6. Be2 Bg4 7. O-O e6 8. h3
Bxf3 9. Bxf3 Nbd7 10. Be3 Nb6 11. b3 Be7 12. Ne4 Qc7 13. c4 Nxe4 14. Bxe4 O-O
15. Qc2 f5 16. Bf3 Bf6 17. Rad1 Rad8 18. Rfe1 Rfe8 19. g3 Qe7 20. h4 g6 21. Rd2
Rd7 22. Red1 Red8 23. a4 Qg7 24. a5 Na8 25. d5 exd5 26. cxd5 cxd5 27. Rxd5 Rxd5
28. Rxd5 Re8 29. Rb5 b6 30. Bxa8 Rxa8 31. axb6 axb6 32. Rxb6 Qd7 33. Qc6 Qd1+
34. Kg2 Rf8 35. Qe6+ Kh8 36. Bh6 Rg8 37. Qxf6+ Rg7 38. Qxg7# {MenceEline est
échec et mat} 1-0

[Event "Champ FRA - Under 12"]
[Site "Europe Echecs"]
[Date "2020.07.08"]
[Round "4"]
[White "TouillerThibau"]
[Black "YuMatthieu"]
[Result "1-0"]
[WhiteElo "1504"]
[BlackElo "1250"]
[PlyCount "53"]
[EventDate "2020.??.??"]

1. d4 Nf6 2. c4 g6 3. Nc3 d5 4. cxd5 Nxd5 5. e4 Nxc3 6. bxc3 Bg7 7. Nf3 c5 8.
Be3 cxd4 9. cxd4 Nc6 10. Be2 Bg4 11. d5 Bxf3 12. gxf3 Bxa1 13. Qxa1 f6 14. dxc6
bxc6 15. Qc3 Qb6 16. Bxb6 axb6 17. Qxc6+ Kf7 18. Bc4+ Kg7 19. Qe6 Rhf8 20.
Qxe7+ Kh6 21. h4 Rae8 22. Qb4 Rb8 23. h5 gxh5 24. Qd2+ Kg6 25. Qf4 f5 26. Rg1+
Kf6 27. Qd6# {YuMatthieu est échec et mat} 1-0

[Event "Champ FRA - Under 12"]
[Site "Europe Echecs"]
[Date "2020.07.08"]
[Round "4"]
[White "GrisoniEmma"]
[Black "SoyeuxGabriel"]
[Result "0-1"]
[WhiteElo "1273"]
[BlackElo "1501"]
[PlyCount "72"]
[EventDate "2020.??.??"]

1. e4 d5 2. exd5 Qxd5 3. Nc3 Qd8 4. d3 Nf6 5. Nf3 Bg4 6. Be2 e6 7. h3 Bh5 8.
Bg5 Be7 9. a3 h6 10. Bh4 O-O 11. O-O c5 12. Ne4 Nxe4 13. dxe4 Bxh4 14. Nxh4
Bxe2 15. Qxe2 Qxh4 16. Rad1 Qe7 17. Rd3 Nc6 18. c3 Rfd8 19. Rfd1 Rxd3 20. Rxd3
Rd8 21. Qd2 Rxd3 22. Qxd3 Qd8 23. Qb5 Qd1+ 24. Kh2 Qd6+ 25. Kg1 b6 26. Qa6 g6
27. g3 Kg7 28. Qb7 h5 29. Kg2 g5 30. b4 cxb4 31. cxb4 g4 32. hxg4 hxg4 33. b5
Ne5 34. Qxa7 Nf3 35. a4 Qd1 36. Qxb6 Qg1# {GrisoniEmma est échec et mat} 0-1

[Event "Champ FRA - Under 12"]
[Site "Europe Echecs"]
[Date "2020.07.08"]
[Round "4"]
[White "LeNeindreYael"]
[Black "CiarlettaIris"]
[Result "0-1"]
[WhiteElo "1258"]
[BlackElo "1493"]
[PlyCount "154"]
[EventDate "2020.??.??"]

1. d4 Nf6 2. c4 c5 3. d5 b5 4. Nc3 b4 5. Nb1 g6 6. Bg5 Bg7 7. Nf3 O-O 8. e3 d6
9. Bd3 Bg4 10. O-O Nfd7 11. Qc2 Bxf3 12. gxf3 Ne5 13. Nd2 Nxd3 14. Qxd3 Bxb2
15. Rab1 Bg7 16. Kh1 Nd7 17. f4 h6 18. Bh4 Bf6 19. Bg3 h5 20. Nf3 Kg7 21. Rg1
Rh8 22. h3 Kf8 23. e4 Bc3 24. e5 dxe5 25. fxe5 h4 26. Bh2 Rg8 27. Qe3 Nb6 28.
Qh6+ Ke8 29. Qh7 Kd7 30. Qxh4 Rh8 31. Qg4+ Ke8 32. Ng5 Rh6 33. Bf4 Qc8 34. Ne6
Rh7 35. Bh2 Nd7 36. f4 Nf8 37. Ng5 Qxg4 38. hxg4 Rh8 39. Kg2 f6 40. Nf3 fxe5
41. Nxe5 Bxe5 42. fxe5 Nd7 43. e6 Nb6 44. Rgc1 a5 45. Be5 Rf8 46. Rb2 Nc8 47.
Kg3 Nd6 48. Re2 a4 49. Kg2 a3 50. Rf1 Nxc4 51. Bg7 Rxf1 52. Kxf1 Kd8 53. Kf2
Kc7 54. Rc2 Nd6 55. Rxc5+ Kb7 56. Be5 Ne4+ 57. Ke3 Nxc5 58. Kd4 Kb6 59. Kc4 Na6
60. Bd4+ Kb7 61. Kb5 Rd8 62. Kc4 Rf8 63. g5 Rf4 64. Kd3 Rxd4+ 65. Kxd4 b3 66.
axb3 a2 67. d6 a1=Q+ 68. Kd5 Qd1+ 69. Ke5 Qxd6+ 70. Ke4 Nc5+ 71. Ke3 Qd3+ 72.
Kf4 Qe4+ 73. Kg3 Nd3 74. b4 Qf4+ 75. Kg2 Qf2+ 76. Kh1 Nf4 77. b5 Qg2# {
LeNeindreYael est échec et mat} 0-1

[Event "Champ FRA - Under 12"]
[Site "Europe Echecs"]
[Date "2020.07.08"]
[Round "4"]
[White "FernandesMerle"]
[Black "BonfilsDussaux"]
[Result "0-1"]
[WhiteElo "1461"]
[BlackElo "1240"]
[PlyCount "98"]
[EventDate "2020.??.??"]

1. e4 c5 2. Nc3 d6 3. Nf3 Nf6 4. Bc4 e6 5. d4 cxd4 6. Qxd4 Nc6 7. Qd1 a6 8. Bf4
Be7 9. O-O O-O 10. h3 e5 11. Bg5 h6 12. Bh4 Nxe4 13. Bxe7 Nxc3 14. Bxd8 Nxd1
15. Raxd1 Rxd8 16. Rfe1 Bf5 17. Bb3 Na5 18. Rd2 Nxb3 19. cxb3 Rd7 20. Red1 Rad8
21. g4 Be6 22. b4 f6 23. a3 h5 24. Nh2 hxg4 25. Nxg4 d5 26. f3 d4 27. Kg2 Kf7
28. Kg3 Rc7 29. f4 Bxg4 30. hxg4 Rdc8 31. fxe5 fxe5 32. Rf1+ Kg6 33. Rff2 b5
34. Rfe2 Re7 35. Re1 Rcc7 36. Kh4 Rcd7 37. Red1 Rf7 38. Re1 Rd5 39. Kg3 Kg5 40.
Rde2 Re7 41. Rd2 e4 42. Red1 d3 43. b3 e3 44. Rh2 g6 45. Kf3 e2 46. Re1 d2 47.
Rhxe2 Rxe2 48. Kxe2 dxe1=Q+ 49. Kxe1 Kxg4 {FernandesMerle a abandonné} 0-1

[Event "Champ FRA - Under 12"]
[Site "Europe Echecs"]
[Date "2020.07.08"]
[Round "4"]
[White "ZejliMehdi"]
[Black "PogodallaVicto"]
[Result "1-0"]
[WhiteElo "1241"]
[BlackElo "1458"]
[PlyCount "35"]
[EventDate "2020.??.??"]

1. e4 c5 2. Nc3 Nc6 3. g3 g6 4. Bg2 Bg7 5. d3 e6 6. Nge2 Nge7 7. Be3 b6 8. Qd2
O-O 9. Bh6 d5 10. exd5 exd5 11. Bxg7 Kxg7 12. Nf4 d4 13. Ne4 Re8 14. O-O-O Bb7
15. Ng5 Qc7 16. Nge6+ fxe6 17. Nxe6+ Kg8 18. Nxc7 {PogodallaVicto a abandonné}
1-0

[Event "Champ FRA - Under 12"]
[Site "Europe Echecs"]
[Date "2020.07.08"]
[Round "4"]
[White "GresserHugo"]
[Black "LamarreArmand"]
[Result "0-1"]
[WhiteElo "1230"]
[BlackElo "1449"]
[PlyCount "39"]
[EventDate "2020.??.??"]

1. e4 c5 2. d4 cxd4 3. Nf3 Nc6 4. Nxd4 Nf6 5. Nc3 d6 6. Be3 Ng4 7. Be2 Nxe3 8.
fxe3 g6 9. Qd3 a6 10. O-O Ne5 11. Qd2 Bg7 12. Nf3 O-O 13. Nxe5 Bxe5 14. Rf3 Bg4
15. Rf2 Bxe2 16. Qxe2 Qb6 17. b3 Bxc3 18. Raf1 Qb5 19. Qg4 e6 20. Rf6 {
GresserHugo a abandonné} 0-1

[Event "Champ FRA - Under 12"]
[Site "Europe Echecs"]
[Date "2020.07.08"]
[Round "4"]
[White "HorenfeldMelvi"]
[Black "BOUMRARAyrad"]
[Result "0-1"]
[WhiteElo "1200"]
[BlackElo "1431"]
[PlyCount "98"]
[EventDate "2020.??.??"]

1. e4 c5 2. Nf3 Nc6 3. d4 cxd4 4. Nxd4 g6 5. Nc3 Bg7 6. Be3 Nf6 7. Be2 O-O 8.
O-O d5 9. exd5 Nxd5 10. Nxc6 bxc6 11. Nxd5 cxd5 12. c4 d4 13. Bd2 Bb7 14. Bd3
e5 15. Qc1 e4 16. Be2 Rc8 17. Bh6 d3 18. Bxg7 dxe2 19. Re1 Kxg7 20. Rxe2 Qd3
21. Qc3+ Qxc3 22. bxc3 Rxc4 23. Rb1 Ba6 24. Re3 Rfc8 25. h3 f5 26. Rc1 Kf6 27.
g3 g5 28. f4 gxf4 29. gxf4 Rd8 30. Rc2 Rd3 31. Rce2 Rcxc3 32. Rxd3 Bxd3 33. Rg2
Rc1+ 34. Kf2 Rc2+ 35. Kg1 Rxg2+ 36. Kxg2 Ke6 37. Kf2 Kd5 38. Ke3 Kc4 39. a4 a5
40. h4 h5 41. Kd2 Kd4 42. Kc1 e3 43. Kd1 Kc3 44. Ke1 e2 45. Kf2 Kd2 46. Kf3
e1=Q 47. Kg2 Be4+ 48. Kh2 Qh1+ 49. Kg3 Qg2# {HorenfeldMelvi est échec et mat}
0-1

[Event "Champ FRA - Under 12"]
[Site "Europe Echecs"]
[Date "2020.07.08"]
[Round "4"]
[White "GhazaryanGor"]
[Black "MorinRocheHugo"]
[Result "1-0"]
[WhiteElo "1431"]
[BlackElo "1231"]
[PlyCount "93"]
[EventDate "2020.??.??"]

1. e4 e5 2. Nf3 Nc6 3. Bb5 a6 4. Ba4 Nf6 5. O-O b5 6. Bb3 Be7 7. Re1 O-O 8. d3
d6 9. h3 Nd7 10. Be3 a5 11. a3 Nc5 12. Bxc5 dxc5 13. Bd5 Bb7 14. Bxc6 Bxc6 15.
Nxe5 Qd6 16. Nxc6 Qxc6 17. Nc3 Bh4 18. Qg4 Qf6 19. g3 Bg5 20. f4 Bh6 21. Qf3 g5
22. Nd5 Qd4+ 23. Kh2 c6 24. Ne7+ Kh8 25. fxg5 Bxg5 26. Nf5 Qf6 27. h4 Bh6 28.
Rf1 Qg6 29. Nxh6 Qxh6 30. Qf6+ Qg7 31. Qxc6 Rfc8 32. Qf6 b4 33. Qxg7+ Kxg7 34.
Rf5 c4 35. Kg2 cxd3 36. cxd3 Rc2+ 37. Rf2 b3 38. a4 Rac8 39. Raf1 R2c7 40. Kf3
Rc2 41. Ke3 R8c7 42. Rxc2 Rxc2 43. Rf2 Rc8 44. Kd4 Rb8 45. Kc3 f6 46. Rf5 Kg6
47. Rxa5 {MorinRocheHugo a abandonné} 1-0

[Event "Champ FRA - Under 12"]
[Site "Europe Echecs"]
[Date "2020.07.08"]
[Round "4"]
[White "DoucetPierreAl"]
[Black "LamagaSacha"]
[Result "1-0"]
[WhiteElo "1177"]
[BlackElo "1430"]
[PlyCount "111"]
[EventDate "2020.??.??"]

1. e4 e5 2. Nf3 Nc6 3. Bb5 d6 4. O-O a6 5. Ba4 b5 6. Bb3 Bg4 7. h3 Bh5 8. c3
Qf6 9. Bd5 Nge7 10. g4 Bg6 11. g5 Qf4 12. d3 Nxd5 13. Bxf4 Nxf4 14. Kh2 Bh5 15.
Nbd2 Be7 16. Qb3 Nxd3 17. Qc2 Nc5 18. b4 Nb7 19. Rg1 g6 20. h4 f6 21. Rae1 fxg5
22. Nxg5 Bxg5 23. hxg5 O-O 24. Kg3 Rf7 25. Qd3 Ne7 26. Ref1 Rd8 27. Qe3 c5 28.
Nb3 c4 29. Nd2 Rdf8 30. Kg2 Bf3+ 31. Nxf3 Rxf3 32. Qxf3 Rxf3 33. Kxf3 Kf7 34.
Rh1 Kg7 35. Ra1 Nd8 36. a4 Ne6 37. Kg4 d5 38. axb5 axb5 39. Ra7 Kf7 40. exd5
Ng7 41. Rxh7 Kg8 42. Rxg7+ Kxg7 43. Rxe7+ Kf8 44. Rxe5 Kf7 45. f4 Kf8 46. d6
Kf7 47. Rxb5 Kg7 48. Rb7+ Kf8 49. d7 Ke7 50. Ra7 Ke6 51. b5 Ke7 52. b6 Kd8 53.
b7 Ke7 54. b8=Q Ke6 55. Qe5+ Kf7 56. d8=Q# {LamagaSacha est échec et mat} 1-0

[Event "Champ FRA - Under 12"]
[Site "Europe Echecs"]
[Date "2020.07.08"]
[Round "4"]
[White "LedjamAlbin"]
[Black "RajapAhmedAsif"]
[Result "0-1"]
[WhiteElo "1165"]
[BlackElo "1428"]
[PlyCount "94"]
[EventDate "2020.??.??"]

1. Nf3 Nc6 2. d4 d5 3. c4 e6 4. Nc3 Nf6 5. Bg5 Be7 6. e3 O-O 7. Bd3 dxc4 8.
Bxc4 Bd7 9. O-O h6 10. Bh4 Nh5 11. Bxe7 Qxe7 12. e4 f5 13. e5 Nf4 14. g3 Nh3+
15. Kg2 Ng5 16. Nxg5 Qxg5 17. f4 Qe7 18. d5 Na5 19. dxe6 Bxe6 20. Bxe6+ Qxe6
21. Qd5 Qxd5+ 22. Nxd5 Nc6 23. Nxc7 Rac8 24. Nd5 Rfd8 25. Ne3 Rd2+ 26. Rf2 Rcd8
27. Nxf5 Rxf2+ 28. Kxf2 Rd2+ 29. Kf3 Rxb2 30. h3 Kf7 31. Nd6+ Ke6 32. Re1 Rxa2
33. f5+ Ke7 34. Nxb7 a5 35. Re4 a4 36. Nc5 a3 37. Ra4 Nxe5+ 38. Kf4 Nc6 39.
Re4+ Kd6 40. Nd3 Rd2 41. Re6+ Kd5 42. Re3 a2 43. Re1 Rxd3 44. Kg4 Ra3 45. Rd1+
Nd4 46. Ra1 Nb3 47. Rd1+ Kc4 {LedjamAlbin a abandonné} 0-1

[Event "Champ FRA - Under 12"]
[Site "Europe Echecs"]
[Date "2020.07.08"]
[Round "4"]
[White "LovichiRaphael"]
[Black "RaykoAlexis"]
[Result "0-1"]
[WhiteElo "1406"]
[BlackElo "1214"]
[PlyCount "122"]
[EventDate "2020.??.??"]

1. e4 e6 2. d4 d5 3. Nd2 Nf6 4. e5 Nfd7 5. f4 c5 6. c3 b6 7. Ndf3 Ba6 8. Bxa6
Nxa6 9. h4 Rc8 10. Be3 cxd4 11. Nxd4 Ndc5 12. Ngf3 Qd7 13. O-O Ne4 14. Qe2 Nac5
15. Bf2 Nxf2 16. Qxf2 Ne4 17. Qe1 Bc5 18. Nd2 Nxd2 19. Qxd2 Bxd4+ 20. cxd4 O-O
21. Rac1 Rxc1 22. Rxc1 Rc8 23. Kf2 Rxc1 24. Qxc1 h5 25. Qc3 Qe7 26. g3 Kf8 27.
Qc8+ Qe8 28. Qxe8+ Kxe8 29. Ke2 Kd7 30. Kd3 Kc6 31. Kc3 Kb5 32. Kb3 Ka5 33. a4
b5 34. axb5 Kxb5 35. Kc3 a5 36. Kb3 a4+ 37. Ka3 Ka5 38. b3 axb3 39. Kxb3 Kb5
40. Kc3 Ka4 41. Kd3 Kb3 42. Ke3 Kc3 43. Kf3 Kxd4 44. g4 hxg4+ 45. Kxg4 Ke4 46.
Kg5 d4 47. h5 d3 48. h6 gxh6+ 49. Kf6 d2 50. Kxf7 d1=Q 51. Kxe6 Kxf4 52. Kf6
Qe2 53. e6 Qxe6+ 54. Kxe6 h5 55. Kd5 h4 56. Kd4 h3 57. Kd3 h2 58. Ke2 h1=Q 59.
Kf2 Qh2+ 60. Ke1 Ke3 61. Kf1 Qf2# {LovichiRaphael est échec et mat} 0-1

[Event "Champ FRA - Under 12"]
[Site "Europe Echecs"]
[Date "2020.07.08"]
[Round "4"]
[White "GuillouPaul"]
[Black "RequenaSacha"]
[Result "1/2-1/2"]
[WhiteElo "1157"]
[BlackElo "1397"]
[PlyCount "93"]
[EventDate "2020.??.??"]

1. d4 g6 2. c4 Bg7 3. Nc3 c5 4. e3 d6 5. Nf3 Nf6 6. d5 Bg4 7. Be2 Nbd7 8. Bd2
O-O 9. O-O a6 10. Qb3 Rb8 11. h3 Bf5 12. Nh4 e6 13. Nxf5 exf5 14. Qc2 Re8 15.
Bf3 Ne5 16. Be2 Qd7 17. b3 Qc7 18. Rab1 Ned7 19. Na4 Ne4 20. Bf3 Nxd2 21. Qxd2
Nf6 22. b4 b6 23. bxc5 bxc5 24. Qc2 Rxb1 25. Rxb1 Rb8 26. Rxb8+ Qxb8 27. Qb3
Qxb3 28. axb3 Ne4 29. Bxe4 fxe4 30. Kf1 Kf8 31. Nb6 Ke7 32. Ke1 Kd8 33. Kd1 Kc7
34. Na4 f5 35. Kc2 a5 36. Nc3 Bxc3 37. Kxc3 Kd7 38. Kb2 g5 39. Ka3 Kc7 40. g3
h5 41. Ka4 Kb6 42. Ka3 h4 43. gxh4 gxh4 44. Ka4 Ka6 45. Ka3 Kb6 46. Ka4 Ka6 47.
Ka3 {Nulle par accord mutuel} 1/2-1/2

[Event "Champ FRA - Under 12"]
[Site "Europe Echecs"]
[Date "2020.07.08"]
[Round "4"]
[White "BertLisa"]
[Black "SumarrivaPauliJ"]
[Result "1-0"]
[WhiteElo "1133"]
[BlackElo "1394"]
[PlyCount "73"]
[EventDate "2020.??.??"]

1. e4 e5 2. Nf3 Nc6 3. Nc3 Nf6 4. Bc4 Bc5 5. O-O d6 6. d3 Bg4 7. h3 Bh5 8. Bg5
Nd4 9. g4 Bg6 10. Nxd4 Bxd4 11. Nd5 c6 12. Nxf6+ gxf6 13. Bh6 d5 14. exd5 cxd5
15. Bb5+ Ke7 16. c3 Bc5 17. d4 Bb6 18. dxe5 fxe5 19. Re1 Qd6 20. Qe2 e4 21. Kf1
f5 22. f3 Rhg8 23. Bg5+ Kf7 24. c4 d4 25. c5 Bxc5 26. Bc4+ Kg7 27. Bxg8 Rxg8
28. gxf5 Bxf5 29. fxe4 Re8 30. Qg2 Bg6 31. e5 Qf8+ 32. Qf2 d3 33. Qxf8+ Rxf8+
34. Bf6+ Kg8 35. Rad1 Bb4 36. Re3 d2 37. Rg3 {SumarrivaPauliJ a perdu au temps}
1-0